|
|
|
|
| LEADER |
01471nam a2200301 a 4500 |
| 001 |
22006 |
| 003 |
BD-DhAAL |
| 008 |
110313r20032001nyu 000 0 eng d |
| 010 |
|
|
|a 2003040557
|
| 020 |
|
|
|a 0142003131
|
| 040 |
|
|
|a DLC
|c DLC
|d DLC
|d BD-DhAAL
|
| 041 |
1 |
|
|a eng
|
| 050 |
0 |
0 |
|a B52.5
|b .D76 2003
|
| 082 |
0 |
0 |
|a 100
|2 21
|
| 100 |
1 |
|
|a Droit, Roger-Pol.
|9 54373
|
| 240 |
1 |
0 |
|a 101 expériences de philosophie quotidienne
|
| 245 |
1 |
0 |
|a Astonish yourself :
|b 101 experiments in the philosophy of everyday life /
|c Roger-Pol Droit ; translated by Stephen Romer.
|
| 260 |
|
|
|a New York :
|b Penguin Books,
|c 2003.
|
| 300 |
|
|
|a xii, 210 p. ;
|c 19 cm.
|
| 500 |
|
|
|a First work originally published: 101 expériences de philosophie quotidienne. Paris : O. Jacob, 2001. 2nd work originally published: 101 experiments in the philosophy of everyday life. London : Faber and Faber, 2002.
|
| 541 |
1 |
|
|e 00022006
|
| 650 |
|
0 |
|a Philosophy
|v Problems, exercises, etc.
|9 54374
|
| 740 |
0 |
2 |
|a 101 experiments in the philosophy of everyday life.
|
| 852 |
|
|
|a Ayesha Abed Library
|c General Shelf.
|
| 942 |
0 |
0 |
|0 1
|2 ddc
|c BK
|
| 999 |
|
|
|c 10533
|d 10533
|
| 952 |
|
|
|0 0
|1 0
|2 ddc
|4 0
|6 100_DRO
|7 0
|9 14661
|a BRACUL
|b BRACUL
|c GEN
|d 2011-03-15
|e TRIM EDUCATION
|g 1450.00
|l 26
|m 32
|o 100 DRO
|p 3010022006
|r 2026-01-18
|s 2026-01-11
|t 1
|w 2011-03-15
|y BK
|
| 952 |
|
|
|0 0
|1 0
|2 ddc
|4 0
|6 100_DRO
|7 0
|9 14662
|a BRACUL
|b BRACUL
|c GEN
|d 2011-03-15
|e TRIM EDUCATION
|g 1450.00
|l 16
|m 93
|o 100 DRO
|p 3010022007
|r 2025-07-15
|s 2025-07-13
|t 2
|w 2011-03-15
|y BK
|